UK - All answers begin with D - Statistics

General Stats
  • This quiz has been taken 33 times
  • The average score is 12 of 20
Answer Stats
Hint Answer % Correct
Famed for its castle and its white cliffs Dover
100%
Author of The Origin of Species Darwin
90%
County famed for its clotted cream Devon
87%
Alternative name for Northern Ireland's second-largest city Derry
83%
Author of A Tale of Two Cities Dickens
83%
North England county town on the river Wear Durham
80%
Scottish city on the Firth of Tay Dundee
77%
River flowing through Sheffield Don
70%
S coast county featuring Durdle Door Dorset
70%
Chief town on the Isle of Man Douglas
70%
The second-largest city in S Yorkshire Doncaster
67%
Remote prison in Devon Dartmoor
63%
Essex town known for car manufacture Dagenham
47%
Town in county Durham noted as the terminus of the first steam powered passenger railway Darlington
43%
Kentish town and site of Thames river crossing Dartford
43%
Kentish headland and site of nuclear power station Dungeness
43%
Derby's river Derwent
27%
Indian Ocean island with major US military base Diego Garcia
27%
Shallow area of the N Sea Dogger Bank
23%
Benedictine Abbey and School in Somerset Downside
3%
No matching quizzes found
Score Distribution
Percent of People with Each Score
Percentile by Number Answered
Your Score History
You have not taken this quiz